Tricky English Spellings - Sudden Death - Statistics

General Stats
  • This quiz has been taken 2,201 times
    2,200 since last reset
  • The average score is 5 of 20
Answers on the Grid
Answers color-coded by a green-red scale on the quiz's grid according to % correct below.
abnegate
accomodate
acquiesce
brocoli
carribean
charcutery
conscientious
embarrass
epitome
fuchsia
guarantee
ingenius
jewelry
liason
miniscule
mischievous
narsicistic
nauseous
necessary
neighbour
occurred
onomatopoea
orangutan
queue
recept
recommend
rythm
sammarinese
vacuum
wednesday
yacht
zuchini
 
Answer Stats
Answer % Correct
guarantee
41%
yacht
40%
epitome
39%
embarrass
36%
queue
33%
acquiesce
32%
wednesday
32%
jewelry
30%
vacuum
29%
neighbour
28%
fuchsia
26%
abnegate
25%
conscientious
25%
necessary
25%
mischievous
23%
occurred
23%
nauseous
18%
recommend
18%
orangutan
17%
sammarinese
3%
No matching quizzes found
Score Distribution
Percent of People with Each Score
Percentile by Number Answered
Your Score History
You have not taken this quiz since the last reset